Представление документа в формате MARC21

ПолеНазваниеЗначение
  Тип записи a
  Библиографический уровень m
001 Контрольный номер BIBLIOCLUB\0000683931
005 Дата корректировки 20230117154127.2
006 m o d
007 Элементы данных для физической характеристики c|||||||||||||
008 Кодируемые данные s2021 rus o rus d
020 Индекс ISBN __
a ISBN 978-5-9275-3819-5
041 Код языка издания 0_
a Код языка текста rus
084 Индекс другой классификации/Индекс ББК __
a Индекс другой классификации/Индекс ББК 32.847я73
b Номер единицы LBC/PL
2 Источник индекса rubbk
100 Автор 1_
a Автор Сидоренко Е. Н.
245 Заглавие 10
a Заглавие Транзисторные генераторы: учебное пособие по специальному лабораторному практикуму «Радиофизическая электроника» (специальность 03.03.03 Радиофизика)
b Продолж. заглавия учебное пособие
c Ответственность Е. Н. Сидоренко, А. С. Махно, А. В. Шлома
c Ответственность Южный федеральный университет
260 Выходные данные __
a Место издания Ростов-на-Дону, Таганрог
b Издательство Южный федеральный университет
c Дата издания 2021
300 Физическое описание __
a Объем 149 с.
b Иллюстрации/ тип воспроизводства ил., табл., схем.
653 Ключевые слова 1_
a Ключевые слова Учебник для высшей школы
700 Другие авторы _1
a Другие авторы Махно А. С.
700 Другие авторы _1
a Другие авторы Шлома А. В.
856 Электронный адрес документа 40
3 Область применения данных поля Университетская библиотека ONLINE
u URL https://biblioclub.ru/index.php?page=book&id=683931
952 Тип литературы __
c Вид литературы учебное пособие